QCM sur Monaco - Statistiques

Statistiques générales
  • Ce quiz a été pris 101 fois
  • Le résultat moyen est 10 sur 12
Statistiques - réponses
Question Réponse % Correct
Quel événement sportif célèbre se déroule tous les ans à Monaco ? Un Grand Prix automobile
100%
Quel prince est actuellement au pouvoir ? Albert II
93%
Lequel de ces pilotes de Formule 1 vient de Monaco ? Charles Leclerc
93%
Quel type de lieu est Monte-Carlo ? Un casino
93%
Laquelle de ces photos a été prise à Monaco ?
91%
Quelle monnaie est utilisée à Monaco ? Euro
91%
Quelle est la religion d’État à Monaco ? Catholicisme
89%
Quel département français entoure Monaco ? Alpes-Maritimes
85%
Quel chanteuse monégasque a chanté le tube Ouragan, sorti en 1986 ? Stéphanie de Monaco
80%
Lequel de ces films se déroule à Monaco ? Les Tuche
67%
Quel nom est communément donné au centre historique de Monaco ? Le Rocher
56%
Laquelle de ces caractéristiques correspond à Monaco ? Pays le plus densément peuplé du monde
54%
Aucun quiz correspondant
Distribution des résultats
% des personnes avec chaque résultat
Percentile par nombre de réponses
Votre historique - résultats
Vous n’avez pas pris ce quiz